[Event "Challenge"]
[Site "http://www.queenalice.com/game.php?id=160509"]
[Date "2007.1.29"]
[Round "-"]
[White "lucianovdemelo"]
[Black "spurs"]
[Result "1-0"]
[WhiteElo "1684"]
[BlackElo "1222"]

1. d4 d5 2. c4 e6 3. Nc3 dxc4 4. Nf3 Bd6 5. Bg5 f6 6. Bh4 Bd7 7. e3 b5 8. Be2 g5
9. Bg3 b4 10. Ne4 Bxg3 11. Nxg3 Bb5 12. Qc2 Ne7 13. Bxc4 Bxc4 14. Qxc4 g4 15.
Nd2 Qd6 16. O-O O-O 17. Nge4 Qd5 18. Qxb4 Qd7 19. Nc4 Nec6 20. Qb7 Na6 21. Qxa6
Qd5 22. Ned2 Rfb8 23. b3 Rb6 24. Qa3 Rbb8 25. Qc5 Rb5 26. Qxd5 exd5 27. Na3 Ra5
28. Nc2 Rb8 29. f4 Re8 30. b4 Rb5 31. f5 Ne7 32. a4 Rb6 33. Rf4 Rc6 34. Rxg4+
Kf7 35. Rc1 Nxf5 36. b5 Rc3 37. Rf4 Nxe3 38. Rh4 Nxc2 39. Nb1 Rc4 40. Rxh7+ Ke6
41. h4 f5 42. h5 Kf6 43. h6 Kg6 44. Rd7 Kxh6 45. Rxd5 Kg6 46. a5 Re1+ 47. Rxe1
Nxe1 48. Rd7 Rc2 49. Kf1 Nxg2 50. Na3 Ne3+ 51. Ke1 Rc3 52. Nb1 Rc2 53. Re7 f4
54. Re6+ Kf7 55. Re4 Ng2+ 56. Kf1 f3 57. Re5 Nh4 58. Re4 Ng2 59. Na3 Rb2 60. Nc4
Rxb5 61. Kf2 Rf5 62. d5 Kf6 63. d6 cxd6 64. Nxd6 Rxa5 65. Kxf3 Ra2 66. Nc4 a6
67. Ne3 Ne1+ 68. Kf4 Nd3+ 69. Kf3 Ne1+ 70. Kg3 1-0

[Event "Challenge"]
[Site "http://www.queenalice.com/game.php?id=163727"]
[Date "2007.2.5"]
[Round "-"]
[White "spurs"]
[Black "nobody"]
[Result "0-1"]
[WhiteElo "1197"]
[BlackElo "1672"]

1. e4 e5 2. b3 Nf6 3. Bd3 Nc6 4. Nf3 Bc5 5. O-O d6 6. h3 Be6 7. Re1 Qd7 8. Ng5
h6 9. Nxe6 Qxe6 10. Qf3 Nd4 11. Qg3 O-O 12. Bc4 Qe7 13. c3 Nc2 14. b4 Bb6 15.
Re2 Nxa1 16. d3 Nh5 17. Qg4 Nf4 18. Rd2 a5 19. bxa5 Bxa5 20. Bb2 c6 21. Bxa1 b5
22. Bb3 c5 23. g3 Ne6 24. Re2 Qf6 25. c4 bxc4 26. Bxc4 Rfb8 27. Rb2 Nd4 28.
Rxb8+ Rxb8 29. Qd1 Nf3+ 30. Kg2 Ng5 31. h4 Nf3 32. Bc3 Bxc3 33. Nxc3 Nd4 34. Nd5
Qe6 35. a4 Qd7 36. f4 Rb2+ 37. Kf1 Qh3+ 38. Ke1 Qh1# 0-1

[Event "Challenge"]
[Site "http://www.queenalice.com/game.php?id=163734"]
[Date "2007.2.5"]
[Round "-"]
[White "spurs"]
[Black "ProblemChild"]
[Result "0-1"]
[WhiteElo "1197"]
[BlackElo "1448"]

1. e4 e5 2. Nf3 Nc6 3. Bc4 Bc5 4. O-O Nf6 5. Nc3 O-O 6. Re1 d6 7. a3 Be6 8. Bxe6
fxe6 9. b4 Bd4 10. Nxd4 exd4 11. Nb5 a6 12. Nxd4 Nxd4 13. c3 Nc6 14. Qe2 d5 15.
exd5 Nxd5 16. Qxe6+ Rf7 17. Re4 Qd7 18. Qxd7 Rxd7 19. c4 Nb6 20. b5 Na5 21. c5
Nd5 22. Rb1 Nc3 23. Rbb4 Nxe4 24. Rxe4 axb5 25. a4 bxa4 26. f3 Nb3 27. Bb2 a3
28. Bc3 Nxd2 29. Re2 a2 30. Re1 Nb3 31. g4 Rd3 32. Be5 Nd2 33. Kf2 Nxf3 34. Rc1
Nxe5 35. h3 a1=Q 36. Rxa1 Rxa1 37. Ke2 Rc3 38. Kd2 Rxh3 39. g5 Ra2+ 40. Kc1 Rh1#
0-1

[Event "Challenge"]
[Site "http://www.queenalice.com/game.php?id=163873"]
[Date "2007.2.5"]
[Round "-"]
[White "spurs"]
[Black "cislau"]
[Result "0-1"]
[WhiteElo "1280"]
[BlackElo "1749"]

1. e4 c5 2. Bc4 g6 3. Nf3 Bg7 4. Qe2 Nc6 5. O-O Nf6 6. Nc3 d6 7. Ng5 O-O 8. Qd3
h6 9. Nf3 Bg4 10. Bb5 Nb4 11. Qe3 Nxc2 12. Qd3 Nxa1 13. Qb1 a6 14. Bd3 Bxf3 15.
gxf3 d5 16. exd5 Nxd5 17. Be4 Nxc3 18. dxc3 Qc7 19. Rd1 Be5 20. f4 Bxf4 21. Qd3
Rad8 22. Qf3 Rxd1+ 23. Qxd1 f5 24. Bd5+ Kh7 25. b3 Rd8 26. Bb2 Bxh2+ 27. Kf1 Qf4
28. Bxa1 Bg3 29. Qe2 Rxd5 30. Qf3 Qxf3 0-1

[Event "Challenge"]
[Site "http://www.queenalice.com/game.php?id=166872"]
[Date "2007.2.10"]
[Round "-"]
[White "Macuei"]
[Black "spurs"]
[Result "0-1"]
[WhiteElo "1790"]
[BlackElo "1197"]

1. e4 e5 2. Qh5 Qe7 3. Nc3 Nf6 4. Qf3 d6 5. Bc4 c6 6. h3 d5 7. exd5 e4 8. d6
Qxd6 9. Nxe4 Qb4 10. b3 Nbd7 11. Ne2 Ne5 12. Qc3 Qxc3 13. N2xc3 Nxc4 14. bxc4
Be6 15. d3 O-O-O 16. Bb2 Rd4 17. Nxf6 gxf6 18. Na4 Rf4 19. O-O b5 20. g3 Rf5 21.
cxb5 cxb5 22. Nc3 Rg8 23. Nxb5 Rxb5 24. Bxf6 Rg6 25. Bd4 a6 26. g4 Rh6 27. c4
Rb7 28. c5 Rxh3 29. Be3 Bxg4 30. Kg2 Rb4 31. d4 h5 32. Rh1 Rf3 33. a3 Rb2 34. c6
Rc2 35. Rac1 Rb2 36. Kg1 Bxa3 37. Ra1 Rb3 38. d5 f5 39. Rd1 f4 40. Ba7 Bd6 41.
Kg2 Rb2 42. Rb1 Re2 43. Kf1 Re7 44. Bd4 Rd3 45. Bf6 Re4 46. Re1 Rxe1+ 47. Kxe1
a5 48. Kf1 f3 49. Kg1 Rd1# 0-1

[Event "Challenge"]
[Site "http://www.queenalice.com/game.php?id=167302"]
[Date "2007.2.12"]
[Round "-"]
[White "spurs"]
[Black "cegonha85"]
[Result "0-1"]
[WhiteElo "1280"]
[BlackElo "1100"]

1. e4 e5 2. Nc3 c5 3. Nf3 Nc6 4. g3 Nf6 5. b3 g6 6. Ba3 d6 7. Qe2 Nd4 8. Nxd4
cxd4 9. Nd5 Bg4 10. f3 Bd7 11. Qc4 b5 12. Qb4 a5 13. Nxf6+ Qxf6 14. Bxb5 axb4
15. Bxb4 Qxf3 16. Rf1 Qxe4+ 17. Kd1 Bxb5 18. Rf2 Qh1+ 19. Rf1 Qxf1# 0-1

[Event "Challenge"]
[Site "http://www.queenalice.com/game.php?id=168627"]
[Date "2007.2.14"]
[Round "-"]
[White "cegonha85"]
[Black "spurs"]
[Result "1-0"]
[WhiteElo "1559"]
[BlackElo "1225"]

1. e4 Nf6 2. Nc3 c5 3. Nf3 d6 4. Bb5+ Bd7 5. d3 a6 6. Bc4 b5 7. Bb3 b4 8. Nd5 e6
9. Nxf6+ Qxf6 10. c4 Bc6 11. O-O h6 12. Be3 Nd7 13. h4 Qxb2 14. Qc2 Qf6 15. g3
Qxf3 16. Bf4 e5 17. Be3 a5 18. Qd1 Qf6 19. f4 exf4 20. Bxf4 a4 21. Bc2 Nb6 22.
Bg5 Qd4+ 23. Be3 Qxe3+ 24. Kg2 g6 25. Qe1 Qd4 26. Qf2 Qe5 27. Qf4 Qe6 28. Qf6
Qxf6 29. Rxf6 Bg7 30. Rxd6 Bxa1 31. Rxc6 Rb8 32. Rxc5 O-O 33. Rc6 a3 34. c5 Nd7
35. Rc7 Rbd8 36. Ba4 Ne5 37. c6 Nxd3 38. Rb7 f5 39. c7 Rc8 40. Bd7 Nc5 41. Bxc8
Rxc8 42. Rb8 Rxb8 43. cxb8=Q+ Kf7 44. Qc7+ Ke6 45. Qxc5 Bc3 46. Qc8+ Ke5 47.
Qe8+ Kd4 48. Qxg6 b3 49. Qb6+ Kc4 50. Qxb3+ Kd3 51. exf5 Kd2 52. Qxa3 Kc2 53. f6
Bxf6 54. Qb3+ Kd2 55. a4 Bc3 56. Qe6 h5 57. Qc8 Kd3 58. Qc5 Bd4 59. Qxh5 Bc3 60.
g4 Kd2 61. g5 Bd4 62. g6 Bc3 63. Qg5+ Ke2 64. a5 Bd4 65. a6 Be3 66. Qh5+ Kd2 67.
g7 Bd4 68. g8=Q Be3 69. a7 Bxa7 70. Qa2+ Ke3 71. Qxa7+ 1-0

[Event "Challenge"]
[Site "http://www.queenalice.com/game.php?id=173413"]
[Date "2007.2.24"]
[Round "-"]
[White "spurs"]
[Black "fernandosoares"]
[Result "1-0"]
[WhiteElo "1223"]
[BlackElo "1169"]

1. e4 Nf6 2. Nc3 e6 3. Nf3 d5 4. exd5 exd5 5. Bb5+ c6 6. Bd3 Be6 7. Ng5 h6 8.
Nxe6 fxe6 9. Bg6+ Ke7 10. O-O Nbd7 11. b3 Ne5 12. Ba3+ c5 13. Bxc5+ Kd7 14. Be3
Kd6 15. Bd3 g5 16. Bb5 a6 17. Be2 b5 18. d4 Nc6 19. f4 Qa5 20. Bd2 gxf4 21.
Bxf4+ Ke7 22. Qd3 e5 23. Bd2 exd4 24. Nd1 Qa3 25. Qf5 b4 26. Qxf6+ Kd7 27. Qxh8
a5 28. Rf7+ Kd6 29. Qf6+ Kc5 30. Rc7 Bd6 31. Rd7 a4 32. Rxd6 Rc8 33. Qe6 axb3
34. Qxc8 Kxd6 35. cxb3 Qa7 36. Bf4+ Kc5 37. Rc1+ Kb6 38. Qxc6+ Ka5 39. Qb5# 1-0

[Event "Challenge"]
[Site "http://www.queenalice.com/game.php?id=174415"]
[Date "2007.2.26"]
[Round "-"]
[White "spurs"]
[Black "fernandosoares"]
[Result "1-0"]
[WhiteElo "1182"]
[BlackElo "1226"]

1. e4 Nf6 2. Nc3 h5 3. b3 g6 4. Ba3 e6 5. Bxf8 Kxf8 6. Qf3 d5 7. exd5 exd5 8. h3
c6 9. O-O-O Na6 10. Re1 Kg7 11. Qf4 Ne4 12. Nxe4 dxe4 13. Rxe4 f5 14. Rd4 g5 15.
Qe5+ Kf8 16. Rxd8+ Kf7 17. Bc4+ Kg6 18. Rxh8 b5 19. Rg8+ Kh6 20. Qg7# 1-0

[Event "Challenge"]
[Site "http://www.queenalice.com/game.php?id=179084"]
[Date "2007.3.9"]
[Round "-"]
[White "Macuei"]
[Black "spurs"]
[Result "1-0"]
[WhiteElo "1669"]
[BlackElo "1208"]

1. e4 Nf6 2. Nc3 Nc6 3. d4 d6 4. Bb5 Bg4 5. Nf3 a6 6. Bxc6+ bxc6 7. d5 cxd5 8.
exd5 h6 9. h3 Bf5 10. g4 Bg6 11. g5 hxg5 12. Nxg5 Bh5 13. f3 Qd7 14. Be3 Qf5 15.
Qe2 e6 16. dxe6 fxe6 17. O-O-O d5 18. Bd4 Qxg5+ 19. Kb1 Qf5 20. Rdf1 Rh6 21.
Rhg1 Rg6 22. Rxg6 Bxg6 23. a3 Qxh3 24. Bxf6 gxf6 25. Nxd5 c5 26. Nc7+ Kd8 27.
Nxa8 a5 28. Rd1+ Ke8 29. Nc7+ Kf7 30. Rd7+ Kg8 31. Qxe6+ Qxe6 32. Nxe6 Bh6 33.
Nxc5 Bf5 34. Rd5 Bh7 35. b3 Be3 36. Nd7 Bg5 37. Rxa5 Kg7 38. b4 Kf7 39. b5 Ke7
40. Ra7 Bf5 41. Nc5+ Ke8 42. b6 Be3 43. b7 Bxc5 44. Ra8+ Kd7 45. b8=Q Bd6 46.
Qc8+ Ke7 47. Ra7+ Bd7 48. Qxd7+ Kf8 49. Qf7# 1-0

[Event "Challenge"]
[Site "http://www.queenalice.com/game.php?id=179852"]
[Date "2007.3.10"]
[Round "-"]
[White "spurs"]
[Black "valmir"]
[Result "1-0"]
[WhiteElo "1252"]
[BlackElo "944"]

1. e4 e6 2. Nc3 Nc6 3. a3 a5 4. Nf3 a4 5. d3 d6 6. Bg5 f6 7. Be3 f5 8. Bg5 Qd7
9. Qe2 h6 10. Bd2 Ne5 11. O-O-O h5 12. exf5 Ra5 13. Ne4 Qc6 14. Bxa5 b6 15. Bb4
d5 16. Nc3 Nxf3 17. Qxf3 Qd7 18. fxe6 Qxe6 19. Qxf8+ Kd7 20. Qxg7+ Ke8 21. Qxh8
c5 22. Qxh5+ Kf8 23. Bxc5+ bxc5 24. Nxd5 Bb7 25. Nf4 Qa2 26. Ng6+ Kf7 27. Qh7+
Kf6 28. Be2 Ne7 29. Nxe7 Qa1+ 30. Kd2 Qxb2 31. Bh5 Qxa3 32. f4 Qb4+ 33. Ke2 a3
34. Qf7# 1-0

[Event "Challenge"]
[Site "http://www.queenalice.com/game.php?id=180888"]
[Date "2007.3.12"]
[Round "-"]
[White "spurs"]
[Black "fernandosoares"]
[Result "1/2-1/2"]
[WhiteElo "1222"]
[BlackElo "1199"]

1. e4 Nf6 2. d3 e6 3. a3 Be7 4. Be3 d5 5. exd5 exd5 6. Qd2 c6 7. Nc3 Na6 8.
O-O-O h6 9. h3 g5 10. Qe2 O-O 11. f4 b5 12. fxg5 hxg5 13. Bxg5 b4 14. axb4 Nxb4
15. Bh6 Bc5 16. Bxf8 Kxf8 17. Na4 Nd7 18. c3 Na2+ 19. Kb1 Nxc3+ 20. bxc3 Rb8+
21. Kc2 Rb5 22. d4 Ba3 23. Qf3 Ra5 24. Nc5 Nb6 25. Ra1 Qg5 26. Kb3 Nd7 27. Rxa3
Rxa3+ 28. Kxa3 Qc1+ 29. Ka2 Qc2+ 30. Ka1 Qc1+ 31. Ka2 Qc2+ 32. Ka3 Qc1+ 33. Ka2
1/2-1/2

[Event "vai q é tua tafarel!!!"]
[Site "http://www.queenalice.com/game.php?id=181284"]
[Date "2007.3.13"]
[Round "-"]
[White "spurs"]
[Black "cislau"]
[Result "0-1"]
[WhiteElo "1220"]
[BlackElo "1914"]

1. e4 c5 2. d3 g6 3. Nc3 Bg7 4. Qf3 Qa5 5. Bd2 Nc6 6. a3 Nd4 7. Qd1 Qb6 8. Na4
Qe6 9. Nxc5 Qc6 10. b4 b6 11. c3 bxc5 12. cxd4 Bxd4 13. Rb1 Qf6 14. Nf3 d6 15.
Nxd4 Qxd4 16. Qa4+ Bd7 17. Qb3 Nf6 18. Be3 Qe5 19. Be2 Bg4 20. f3 Bd7 21. g4 d5
22. Bxc5 dxe4 23. dxe4 O-O 24. Be3 Be6 25. Qd3 Rfd8 26. Qc2 Rac8 27. Bc5 a5 28.
Rd1 Nd7 29. Ba6 Rc7 30. O-O Ra8 31. Bd3 axb4 32. axb4 Ra2 33. Qb1 Qxh2# 0-1

[Event "Challenge"]
[Site "http://www.queenalice.com/game.php?id=184649"]
[Date "2007.3.19"]
[Round "-"]
[White "fernandosoares"]
[Black "spurs"]
[Result "0-1"]
[WhiteElo "1183"]
[BlackElo "1208"]

1. e3 e5 2. f4 Nc6 3. Ne2 g6 4. fxe5 Nxe5 5. d4 Nc6 6. Nec3 Qh4+ 7. g3 Qf6 8.
Bd2 d6 9. h4 h5 10. Nd5 Qd8 11. Bd3 Be6 12. Nf4 Bg4 13. Ne2 Bf3 14. Rf1 Qf6 15.
c3 O-O-O 16. Na3 a6 17. b4 Nce7 18. Qb3 c5 19. Nf4 Bg4 20. dxc5 Be6 21. Qa4 dxc5
22. bxc5 g5 23. Nh3 Qg7 24. Nxg5 Rxd3 25. Rb1 Rd5 26. e4 Rxc5 27. c4 Qd4 28. Nc2
Qd8 29. Qb4 Rxc4 30. Qa3 Rxc2 31. Rc1 Qxd2# 0-1

[Event "Challenge"]
[Site "http://www.queenalice.com/game.php?id=190386"]
[Date "2007.3.31"]
[Round "-"]
[White "spurs"]
[Black "Ponce"]
[Result "0-1"]
[WhiteElo "1262"]
[BlackElo "1272"]

1. e4 g6 2. Nc3 Bg7 3. d3 Nf6 4. e5 Ng8 5. d4 d5 6. Bb5+ c6 7. Bd3 e6 8. Qg4 h5
9. Qf4 Qb6 10. Nf3 Bh6 11. Ng5 Qc7 12. O-O Bxg5 13. Qxg5 Nd7 14. Re1 b5 15. b3
a6 16. g3 Bb7 17. Ne2 c5 18. dxc5 Qc6 19. Ba3 d4 20. f3 Qxf3 21. Nf4 Qh1+ 22.
Kf2 Qxh2+ 23. Kf1 Qh1+ 24. Ke2 Qc6 25. Rf1 a5 26. b4 a4 27. Bb2 a3 28. Bxa3 Rxa3
29. Qh4 Nxe5 30. Qh2 Nf6 31. Qf2 Ne4 32. Bxe4 Qxe4+ 33. Kd2 Rc3 34. Rac1 Nf3+
0-1

[Event "Challenge"]
[Site "http://www.queenalice.com/game.php?id=199884"]
[Date "2007.4.20"]
[Round "-"]
[White "fernandosoares"]
[Black "spurs"]
[Result "0-1"]
[WhiteElo "1268"]
[BlackElo "1242"]

1. e4 e5 2. Bc4 Qf6 3. Nf3 c6 4. h4 g6 5. Ng5 Qe7 6. Bxf7+ Kd8 7. g3 Qf6 8. Qe2
h6 9. Qc4 d5 10. exd5 b5 11. Qe2 hxg5 12. hxg5 Rxh1+ 13. Qf1 Rxf1+ 14. Kxf1 Qxf7
15. f4 Qxd5 16. d4 Qxd4 17. Nd2 Bh3+ 18. Ke2 Bc5 19. fxe5 Bg4+ 20. Nf3 Qe4+ 21.
Kf1 Qxf3+ 22. Ke1 Qf2# 0-1

[Event "vamo outra!!!"]
[Site "http://www.queenalice.com/game.php?id=200832"]
[Date "2007.4.22"]
[Round "-"]
[White "spurs"]
[Black "cislau"]
[Result "0-1"]
[WhiteElo "1222"]
[BlackElo "1825"]

1. e4 c5 2. Bc4 Nc6 3. Qh5 e6 4. d3 Nb4 5. Na3 Nf6 6. Qf3 Qa5 7. c3 Nc6 8. Bd2
Ne5 9. Qf4 Bd6 10. h3 Nxd3+ 11. Bxd3 Bxf4 12. Bxf4 O-O 13. Bd6 Re8 14. e5 Nd5
15. g3 Nxc3 16. Rc1 Nxa2+ 17. Kd1 Nxc1 18. Nc4 Qa1 19. Be4 Nb3+ 20. Kc2 Nd4+ 21.
Kd2 Nf3+ 22. Bxf3 Qa2 0-1